Every city in United Kingdom - Statistics

General Stats
  • This quiz has been taken 12 times
  • The average score is 46 of 76
Answer Stats
Hint Answer % Correct
Scotland Aberdeen
90%
Scotland Edinburgh
90%
Scotland Glasgow
90%
England London
90%
Northern Ireland Bangor
80%
Wales Bangor
80%
Northern Ireland Londonderry
80%
England Manchester
80%
England Nottingham
80%
Northern Ireland Belfast
70%
England Birmingham
70%
England Bristol
70%
England Cambridge
70%
Wales Cardiff
70%
England Durham
70%
Scotland Inverness
70%
England Leeds
70%
England Leicester
70%
England Liverpool
70%
England Newcastle
70%
England Norwich
70%
England Oxford
70%
Scotland Perth
70%
England Portsmouth
70%
England Southampton
70%
England Sunderland
70%
Wales Swansea
70%
England York
70%
Northern Ireland Armagh
60%
England Brighton
60%
England Carlisle
60%
England Chester
60%
England Colchester
60%
England Coventry
60%
Scotland Dundee
60%
Scotland Dunfermline
60%
England Ely
60%
England Exeter
60%
England Gloucester
60%
England Hull
60%
England Lancaster
60%
Wales Newport
60%
England Plymouth
60%
England Sheffield
60%
Wales St Asaph
60%
Wales St Davids
60%
Scotland Stirling
60%
England Stoke
60%
England Truro
60%
England Winchester
60%
England Wolverhampton
60%
England Worcester
60%
England Bradford
50%
England Canterbury
50%
England Chichester
50%
England Derby
50%
England Doncaster
50%
England Lincoln
50%
Northern Ireland Lisburn
50%
Northern Ireland Newry
50%
England Preston
50%
England Salford
50%
England Southend
50%
England St Albans
50%
Wales Wrexham
50%
England Bath
40%
England Hereford
40%
England Lichfield
40%
England Milton Keynes
40%
England Peterborough
40%
England Wakefield
40%
England Wells
40%
England Westminster
40%
England Chelmsford
30%
England Ripon
30%
England Salisbury
30%
No matching quizzes found
Score Distribution
Percent of People with Each Score
Percentile by Number Answered
Your Score History
You have not taken this quiz